000 00608cam a22002291 4500
001 sa 67000921
003 DLC
005 20260227112318.0
008 790425s1966 ii 000 0 eng
010 _asa 67000921
035 _a(OCoLC)4895666
040 _aDLC
_cScU
_dDLC
042 _apremarc
050 0 0 _aHD4293
_b.D3 1966
082 _a338.954
100 1 _aDas, Nabagopal,
_d1910-
245 1 4 _aThe public sector in India.
250 _a[3d ed.]
260 _aBombay,
_aNew York,
_bAsia Pub. House
_c[1966]
300 _axv, 143 p.
_c25 cm.
650 0 _aGovernment business enterprises
_zIndia.
999 _c72294
_d72294